ARRUPE JESUIT UNIVERSITY

CORONAVIRUS -STOP THE SPREAD - CLEAN,DISINFECT,COVER

Gold Fever (Record no. 66581)

MARC details
000 -LEADER
fixed length control field 00536nam a2200217Ia 4500
003 - CONTROL NUMBER IDENTIFIER
control field 0100
005 - DATE AND TIME OF LATEST TRANSACTION
control field 20161206105109.0
008 - FIXED-LENGTH DATA ELEMENTS--GENERAL INFORMATION
fixed length control field 130303s9999 xx 000 0 und d
040 ## - CATALOGING SOURCE
Transcribing agency ARRUPELIB
050 ## - LIBRARY OF CONGRESS CALL NUMBER
Classification number DT2963.H79A3
300 ## - PHYSICAL DESCRIPTION
Other physical details 22cm.
100 ## - MAIN ENTRY--PERSONAL NAME
Personal name Hoste, Skipper
9 (RLIN) 27957
245 ## - TITLE STATEMENT
Title Gold Fever
260 ## - PUBLICATION, DISTRIBUTION, ETC. (IMPRINT)
Place of publication, distribution, etc Harare
260 ## - PUBLICATION, DISTRIBUTION, ETC. (IMPRINT)
Name of publisher, distributor, etc Pioneer Head
300 ## - PHYSICAL DESCRIPTION
Extent 143p.
600 ## - SUBJECT ADDED ENTRY--PERSONAL NAME
Personal name Hoste, Henry Francis
9 (RLIN) 27958
650 ## - SUBJECT ADDED ENTRY--TOPICAL TERM
Topical term following geographic name as entry element Zimbabwe
General subdivision History
Chronological subdivision 1890-
9 (RLIN) 27959
700 ## - ADDED ENTRY--PERSONAL NAME
Personal name Davies, N.S. ed.
9 (RLIN) 27960
942 ## - ADDED ENTRY ELEMENTS (KOHA)
Source of classification or shelving scheme Library of Congress Classification
Koha item type Monograph ( Printed materials)
Holdings
Withdrawn status Lost status Source of classification or shelving scheme Damaged status Not for loan Collection code Home library Current library Date acquired Total Checkouts Full call number Barcode Date last seen Copy number Price effective from Koha item type Shelving location
    Library of Congress Classification     Main Collection ARRUPE LIBRARY ARRUPE LIBRARY 05/03/2013   SPCDT2963.H79 A3 46004003715 05/03/2013 1 05/03/2013 SPC  
    Library of Congress Classification       ARRUPE LIBRARY ARRUPE LIBRARY 29/05/2015   SPCDT2963.H79 A3 46500002640 29/05/2015   29/05/2015 SPC  
    Library of Congress Classification     SPECIAL Collection ARRUPE LIBRARY ARRUPE LIBRARY 06/12/2016   SPC DT2963.H79 A3 46500020877 06/12/2016   06/12/2016 SPC Reference

 

Arrupe Library. PO Box MP320 Mt Pleasant, Harare, Zimbabwe
263 242 745411|librarian@aju.ac.zw